Исследование процесса превращения природного газа на цеолитных катализаторах; Химия и химическая технология в XXI веке

書誌詳細
Parent link:Химия и химическая технология в XXI веке.— 2009.— С. 231-232
第一著者: Литвак Е. И.
その他の著者: Ушева Н. В. (научный руководитель)
言語:ロシア語
出版事項: 2009
主題:
フォーマット: 図書の章
KOHA link:https://koha.lib.tpu.ru/cgi-bin/koha/opac-detail.pl?biblionumber=173246

MARC

LEADER 00000naa2a2200000 4500
001 173246
005 20231031164452.0
035 |a (RuTPU)RU\TPU\book\187906 
090 |a 173246 
100 |a 20091222d2009 k y0rusy50 ca 
101 0 |a rus 
102 |a RU 
200 1 |a Исследование процесса превращения природного газа на цеолитных катализаторах   |f Е. И. Литвак  |g науч. рук. Н. В. Ушева 
320 |a Библиогр.: 2 назв. 
463 0 |0 (RuTPU)RU\TPU\book\176321  |t Химия и химическая технология в XXI веке  |o X Юбилейная всероссийская научно-практическая конференция студентов и аспирантов, г. Томск, 13-15 мая 2009 г.  |f Томский политехнический университет (ТПУ) ; Химия и химическая технология в XXI веке  |v С. 231-232  |d 2009  |p 322 с. 
610 1 |a природный газ 
610 1 |a нанесённые металлические катализаторы 
610 1 |a цеолит 
610 1 |a ароматические углеводороды 
610 1 |a биметаллические катализаторы 
610 1 |a труды учёных ТПУ 
700 1 |a Литвак  |b Е. И. 
702 1 |a Ушева  |b Н. В.  |4 727 
801 1 |a RU  |b 63413507  |c 20091222 
942 |c BK